[Event "Oberfranken-ch Q 0910"]
[Site "Schney"]
[Date "2010.01.05"]
[Round "6"]
[White "Straub, Roland"]
[Black "Mueller, Matthias3333"]
[Result "0-1"]
[WhiteElo "1588"]
[BlackElo "1515"]
[PlyCount "90"]
[EventDate "2010.01.03"]
[EventType "swiss"]
[EventRounds "6"]
[EventCountry "GER"]
[SourceTitle "EXT 2015"]
[Source "ChessBase"]
[SourceDate "2014.11.20"]
[SourceVersion "1"]
[SourceVersionDate "2014.11.20"]
[SourceQuality "1"]

1. Nf3 Nf6 2. d4 d5 3. g3 e6 4. Bg2 Be7 5. 0-0 0-0 6. a4 c6 7. c3 Nbd7 8. b4 a5 9. Ba3 axb4 10. cxb4 Nb6 11. b5 Bxa3 12. Nxa3 Rxa4 13. bxc6 bxc6 14. Ne5 Bd7 15. e3 Qe7 16. Qd3 Rfa8 17. Nc2 c5 18. Rxa4 Rxa4 19. Rb1 c4 20. Qd2 Qd8 21. f3 Be8 22. g4 Nbd7 23. Nc6 Qc7 24. N2b4 Nb8 25. Qc2 Ra8 26. Nxb8 Rxb8 27. e4 Qb6 28. Qf2 Ba4 29. e5 Nd7 30. Qb2 Bb3 31. Nxd5 exd5 32. f4 Ba2 33. Qxb6 Rxb6 34. Rxb6 Nxb6 35. Kf2 c3 36. Ke2 Bc4+ 37. Kd1 Bd3 38. Kc1 Be4 39. Bf1 Na4 40. Be2 Nb2 41. h4 Nd3+ 42. Bxd3 Bxd3 43. f5 h5 44. e6 fxe6 45. fxe6 Kf8 0-1

[Event "Oberfranken-ch Q 0910"]
[Site "Schney"]
[Date "2010.01.04"]
[Round "3"]
[White "Straub, Roland"]
[Black "Rahn, Manfred"]
[Result "1-0"]
[WhiteElo "1588"]
[BlackElo "1831"]
[PlyCount "179"]
[EventDate "2010.01.03"]
[EventType "swiss"]
[EventRounds "6"]
[EventCountry "GER"]
[SourceTitle "EXT 2015"]
[Source "ChessBase"]
[SourceDate "2014.11.20"]
[SourceVersion "1"]
[SourceVersionDate "2014.11.20"]
[SourceQuality "1"]

1. Nf3 d5 2. g3 Nf6 3. Bg2 c6 4. d3 g6 5. 0-0 Bg7 6. Nbd2 0-0 7. c4 dxc4 8. Nxc4 Be6 9. Qc2 Bxc4 10. Qxc4 Qd5 11. Rb1 Qxc4 12. dxc4 Nbd7 13. Nd2 Ne5 14. b3 Rfd8 15. h3 g5 16. Nf3 Nxf3+ 17. Bxf3 h6 18. Be3 Nd7 19. Rbd1 Ne5 20. Bg2 e6 21. f4 gxf4 22. gxf4 Ng6 23. Rd3 Rxd3 24. exd3 Rd8 25. Rd1 Bd4 26. Kf2 Bxe3+ 27. Kxe3 Nh4 28. Bf1 Nf5+ 29. Kf2 Rd4 30. Kf3 c5 31. Re1 Rd6 32. Kf2 Nd4 33. Rd1 Ra6 34. Rd2 Kg7 35. Bg2 Rb6 36. Ke3 Kf6 37. Be4 Ke7 38. Rg2 f5 39. Bf3 Nxf3 40. Kxf3 Kf7 41. Ke3 Rd6 42. Rb2 a5 43. a3 Rb6 44. d4 cxd4+ 45. Kxd4 Rd6+ 46. Kc3 Rd1 47. Rf2 Rh1 48. Rf3 Kf6 49. Kd4 b6 50. b4 axb4 51. axb4 Rb1 52. Kc3 h5 53. c5 bxc5 54. bxc5 h4 55. Kd2 Rb8 56. Rc3 e5 57. Ke3 Ke6 58. c6 e4 59. c7 Rc8 60. Rc5 Kd6 61. Rxf5 Rxc7 62. Kxe4 Rc3 63. Rd5+ Ke6 64. Rd3 Rc4+ 65. Kf3 Kf5 66. Rd5+ Kg6 67. Kg4 Re4 68. Rg5+ Kf6 69. Rh5 Re1 70. Kxh4 Rf1 71. Kg3 Rg1+ 72. Kf2 Ra1 73. Re5 Ra4 74. Kf3 Ra3+ 75. Re3 Ra1 76. Kg4 Ra4 77. h4 Rb4 78. Rc3 Rb6 79. h5 Kg7 80. Kg5 Rb5+ 81. f5 Rb6 82. Rc7+ Kh8 83. f6 Rb1 84. Kg6 Rg1+ 85. Kf7 Rh1 86. Rc5 Kh7 87. Re5 Kh6 88. Ke8 Rf1 89. f7 Kg7 90. Re7 1-0

[Event "Nittenau-ch 09th"]
[Site "Nittenau"]
[Date "2009.09.18"]
[Round "1"]
[White "Straub, Roland"]
[Black "Fuhrmann, Max"]
[Result "0-1"]
[WhiteElo "1595"]
[BlackElo "2149"]
[PlyCount "100"]
[EventDate "2009.09.18"]
[EventType "swiss"]
[EventRounds "5"]
[EventCountry "GER"]
[SourceTitle "EXT 2022"]
[Source "ChessBase"]
[SourceDate "2021.10.06"]
[SourceVersion "1"]
[SourceVersionDate "2021.10.06"]
[SourceQuality "1"]

1. Nf3 d5 2. g3 Nf6 3. Bg2 Bf5 4. d3 h6 5. 0-0 e6 6. Nbd2 Bc5 7. a4 c6 8. c3 0-0 9. b4 Bd6 10. Ba3 a6 11. c4 Qe7 12. c5 Bc7 13. a5 Nbd7 14. Bb2 Bh7 15. Re1 e5 16. e4 Rad8 17. Qc2 Rfe8 18. h3 Nf8 19. Kh2 Ng6 20. Ng1 h5 21. Bc3 h4 22. Nf1 Nf8 23. Bd2 Ne6 24. Nf3 hxg3+ 25. fxg3 dxe4 26. dxe4 Nd4 27. Nxd4 exd4 28. Qd3 Nxe4 29. Bxe4 Bxe4 30. Qe2 Qh4 31. Qf2 Re6 32. Bf4 Bxf4 33. Qxf4 Qxf4 34. gxf4 f5 35. Nd2 d3 36. Re3 Rd4 37. Rb1 Kf7 38. Kg1 Rg6+ 39. Kf1 Bg2+ 40. Kf2 Rxf4+ 41. Nf3 Bxh3 42. Rxd3 Rg2+ 43. Ke1 Rxf3 44. Rxf3 Rg1+ 45. Kf2 Rxb1 46. Rxh3 Rb2+ 47. Kf1 Rxb4 48. Rd3 Kf6 49. Kf2 g5 50. Rd6+ Ke5 0-1